| 000 | 00665nam a22001697a 4500 | ||
|---|---|---|---|
| 008 | 160215b xxu||||| |||| 00| 0 eng d | ||
| 020 | _a9789968530293 | ||
| 082 |
_a737.49 _bC431de |
||
| 100 |
_aChacón Hidalgo, Manuel Benito _94653 |
||
| 245 |
_aDel Real al Colón: Historia de la moneda en Costa Rica = _bFrom the Real to the Colón: The history of money in Costa Rica _cChacón Hidalgo, Manuel Benito |
||
| 250 | _a2ª ed. | ||
| 260 |
_aSan Josè: _bFundación Museos del Banco Central de Costa Rica, _c2015 |
||
| 300 |
_a160 p. _bill. (col.) _c30 cm. |
||
| 650 |
_aNumismática _94654 |
||
| 650 |
_aMonedas _zCosta Rica _94655 |
||
| 650 |
_aHistoria _zCosta Rica _94656 |
||
| 999 |
_c849 _d849 |
||